| 000 | 01081nam a2200205Ia 4500 | ||
|---|---|---|---|
| 008 | 0000001989 pr ad 0000000000spa00 | ||
| 090 | _aPPR00 P35 | ||
| 245 | 1 | 0 |
_aPintura y escultura de los años setenta en Puerto Rico _c/ First Federal Savings Bank |
| 300 |
_a94 p. _c/ 28 cm. |
||
| 500 | _aExposición realizada en el Museo de Arte Contemporáneo de Puerto Rico, junio 23 agosto 14, 1989 \ Incluye biografías de los artistas \ Registro auspiciado por la FGAA. Bogotá | ||
| 501 | _aApostillas para una eXposición : pintura y escultura puertorriqueña en los años setenta / Fernando Cross Opiniones en torno a las artes en la década del 70 / José Antonio Pérez Ruiz | ||
| 650 | 1 | 4 | _aARTE CONTEMPORANEO PUERTORRIQUEÑO |
| 650 | 1 | 4 | _aARTISTAS PLASTICOS PUERTORRIQUEÑOS |
| 650 | 1 | 4 | _xCATALOGOS |
| 650 | 1 | 4 | _aESCULTURA PUERTORRIQUEÑA |
| 650 | 1 | 4 | _xEXPOSICIONES |
| 650 | 1 | 4 | _aPINTURA PUERTORRIQUEÑA |
| 700 | 1 | _aCross, Fernando \ Pérez Ruiz, José Antonio | |
| 999 |
_c9319 _d9319 |
||
| 260 |
_aSan Juan (Puerto Rico) : Museo de Arte Contemporáneo de Puerto Rico _c1989 |
||